000 00747cam a2200265 a 4500
001 1164318
003 OSt
005 20150720145755.0
008 960828s1997 nyu 000 1 eng
010 _a 96041695
020 _a0312860013 (acidfree paper)
040 _aSEKU
050 0 0 _aPS 3554.A4
_bB5 1997
100 1 _aDalkey, Kara,
_d1953-
245 1 0 _aBijapur
_cKara Dalkey.
250 _a1st ed.
260 _aNew York :
_bTor,
_c1997.
300 _a285 p. ;
_c22 cm.
490 1 _aBlood of the goddess ;
_v2
500 _a"A Tom Doherty Associates book."
650 0 _aHerbs
_xTherapeutic use
_xFiction.
655 7 _aHistorical fiction.
_2gsafd
800 1 _aDalkey, Kara,
_d1953-
_tBlood of the goddess ;
_v2.
942 _2lcc
_cGEN
999 _c6418
_d6418